000 02746cam a2200433 i 4500
999 _c3122
_d3122
001 18151858
003 GZU
005 20201118084702.0
008 140514t20132013enka b 001 0 eng d
010 _a 2013417542
016 7 _a016504625
_2Uk
020 _a9781849464734
020 _a1849464731
035 _a(OCoLC)ocn830370396
040 _aYDXCP
_beng
_cYDXCP
_erda
_dUKMGB
_dNLE
_dOWT
_dCGU
_dOCLCF
_dDLC
042 _alccopycat
043 _ae-uk---
050 0 0 _aKD640
_b.L39 2013
082 0 4 _a340.115
_223
245 0 0 _aLaw in politics, politics in law /
_cedited by David Feldman.
264 1 _aOxford, United Kingdom ;
_aPortland, Oregon :
_bHart Publishing,
_c2013.
264 4 _c©2013
300 _axxv, 268 pages :
_billustrations ;
_c25 cm.
336 _atext
_btxt
_2rdacontent
337 _aunmediated
_bn
_2rdamedia
338 _avolume
_bnc
_2rdacarrier
490 1 _aHart studies in constitutional law ;
_vvolume 3
504 _aIncludes bibliographical references and index.
505 0 0 _tBeginning at the beginning : the relationships between politics and law /
_rDavid Feldman --
_tLawyers, MPs and judges /
_rRoss Cranston --
_tLawyers in the House of Commons /
_rDavid Howarth --
_tThe form and language of legislation /
_rAlan Rodger --
_tLegislation and politics /
_rStephen Laws --
_tWhitehall, transparency, and the law /
_rDavid Seymour --
_tThe role of public international laywers in government /
_rMichael Wood --
_tGovernment legal advisers through the ethics looking glass /
_rMatthew Windsor --
_tLaw reform in a political environment : the work of the Law Commissions /
_rElizabeth Cooke and Hector MacQueen --
_tParliament Act 1911 in its historical context /
_rPhilip Norton --
_tThe Parliament Act 1949 /
_rChris Ballinger --
_tThe realities of the Parliament Act 1911 /
_rDaniel Greenberg --
_tThe impact of the Parliament Acts 1911 and 1949 on a government's management of its legislative timetable, on parliamentary procedure and on legislative drafting /
_rRhodri Walters --
_tInternational law and Great Power politics /
_rMatthew Parish --
_tLaw and democracy in a human rights framework /
_rPhilip Sales --
_tPolitics, law and constitutional moments in the UK /
_rDawn Oliver --
_tLooking back and moving on /
_rDavid Feldman.
650 0 _aLaw
_xPolitical aspects
_zGreat Britain.
650 0 _aLaw reform
_xPolitical aspects
_zGreat Britain.
650 0 _aGovernment attorneys
_xPolitical activity
_zGreat Britain.
650 7 _aLaw
_xPolitical aspects.
_2fast
700 1 _aFeldman, David,
_d1953-
830 0 _aHart studies in constitutional law ;
_vv. 3.
906 _a7
_bcbc
_ccopycat
_d2
_encip
_f20
_gy-gencatlg
942 _2lcc
_cBK
_h640
_iLAW
_kKD
_m2013